| 000 | 00469nam a22001577a 4500 | ||
|---|---|---|---|
| 003 | OSt | ||
| 008 | 240911b |||||||| |||| 00| 0 eng d | ||
| 020 | _a9788182748316 | ||
| 082 |
_a551.48 _bJOA |
||
| 100 | _aJOGLEKAR, P.P | ||
| 245 | _aAnimal Husbandry and Allied Technologies in Ancient India: From Prehistorical to Early Historical Times | ||
| 260 |
_aNew Delhi: _bPentagon Paess, _c2015. |
||
| 300 | _axiv,288p. | ||
| 700 | _aPankaj Goyal (Ed.) | ||
| 942 |
_2ddc _cBK |
||
| 999 |
_c12908 _d12908 |
||